| 000 | 00437nam a22001697a 4500 | ||
|---|---|---|---|
| 003 | SGT | ||
| 020 | _a9780323078672 | ||
| 082 |
_a616.85 _bI15B |
||
| 100 | _aBROOKSHIRE, ROBERT | ||
| 245 | _aINTRODUCTION TO NEUROGENIC COMMUNICATION DISORDERS | ||
| 250 | _a8TH | ||
| 260 |
_aMISSOURI _bELSEVIER PUB _c2015 |
||
| 300 | _a500 | ||
| 650 | _aAUDIOLOGY | ||
| 653 | _aINTRODUCTION TO NEUROGENIC COMMUNICATION DISORDERS | ||
| 942 |
_2ddc _cBK |
||
| 999 |
_c27211 _d27211 |
||